书目信息 |
| 题名: |
健康教育
|
|
| 作者: | 贺伟 主编 | |
| 分册: | ||
| 出版信息: | 北京 科学出版社 2008 |
|
| 页数: | 137页 | |
| 开本: | 28cm | |
| 丛书名: | ||
| 单 册: | ||
| 中图分类: | R193 | |
| 科图分类: | ||
| 主题词: | 健康教育--医学院校--教材 | |
| 电子资源: | ||
| ISBN: | 978-7-03-020884-2 | |
| 000 | 00909nam0 2200253 45 | |
| 001 | 1354499093 | |
| 005 | 20140314105947.06 | |
| 010 | @a978-7-03-020884-2@dCNY18.00 | |
| 100 | @a20130108d2008 ekmy0chiy0120 ea | |
| 101 | 0 | @achi |
| 102 | @aCN@b110000 | |
| 105 | @ay z 000yy | |
| 106 | @ar | |
| 200 | 1 | @a健康教育@AJian Kang Jiao Yu@f贺伟主编@FHe Wei Zhu Bian |
| 205 | @a2版 | |
| 210 | @a北京@c科学出版社@d2008 | |
| 215 | @a137页@d28cm | |
| 300 | @a技能型紧缺人才培养培训教材·全国医药高等学校规划教材 | |
| 330 | @a全书共分8章,第1-3章为总论,介绍了健康教育基本概念和相关理论,开展健康教育的基本程序和方法,第1-3章为总论,介绍了健康教育基本概念和相关理论,开展健康教育的基本程序和方法,以及健康教育工作者应具备的基本技能等内容。 | |
| 606 | 0 | @a健康教育@x医学院校@j教材 |
| 690 | @aR193@v5 | |
| 701 | 0 | @a贺伟@AHe Wei@4主编 |
| 801 | @aCN@bTANGWEI@c20130108 | |
| 905 | @b0830341-43@dR193@e211=2@f3 | |
| 健康教育/贺伟主编.-2版.-北京:科学出版社,2008 |
| 137页;28cm |
| 技能型紧缺人才培养培训教材·全国医药高等学校规划教材 |
| ISBN 978-7-03-020884-2:CNY18.00 |
| 全书共分8章,第1-3章为总论,介绍了健康教育基本概念和相关理论,开展健康教育的基本程序和方法,第1-3章为总论,介绍了健康教育基本概念和相关理论,开展健康教育的基本程序和方法,以及健康教育工作者应具备的基本技能等内容。 |
| ● |
| 相关链接 |
|
|
|
|
正题名:健康教育
索取号:R193/211=2
 
预约/预借
| 序号 | 登录号 | 条形码 | 馆藏地/架位号 | 状态 | 备注 |
| 1 | 0830341 | 208303414 | 第二样本阅览室/ [索取号:R193/211=2] | 在馆 | |
| 2 | 0830342 | 208303423 | 第三借阅区/ [索取号:R193/211=2] | 在馆 | |
| 3 | 0830343 | 208303432 | 第三借阅区/ [索取号:R193/211=2] | 在馆 |